Normal view
MARC view
Entry Personal Name
001 - CONTROL NUMBER
- control field: 55638
003 - CONTROL NUMBER IDENTIFIER
- control field: MaObMVR
005 - DATE AND TIME OF LATEST TRANSACTION
- control field: 20260402160545.0
008 - FIXED-LENGTH DATA ELEMENTS
- fixed length control field: 260402|| aca||aabn | a|a d
040 ## - CATALOGING SOURCE
- Original cataloging agency: MaObMVR
- Transcribing agency: MaObMVR
100 ## - HEADING--PERSONAL NAME
- Personal name: Richards, Natalie D.
670 ## - SOURCE DATA FOUND
- Source citation: Work cat.: (MaObMVR)129589: Richards, Natalie D., author. aut http://id.loc.gov/vocabulary/relators/aut, Two perfect lies /
